| 000 | 01361nam a2200385 a 4500 | ||
|---|---|---|---|
| 001 | 000012157 | ||
| 003 | DO-SdBNP | ||
| 005 | 20240829100317.0 | ||
| 008 | 091106s1986 dr 00 0 spa d | ||
| 040 |
_aDO-SdBNP _bspa _cBPMSU |
||
| 082 | 4 |
_aRD868.44 _bD249a 1986 _222 |
|
| 100 | 1 |
_aLeón David _d1945- |
|
| 100 | z |
_aJiménez Sabater, Juan José _d1945- |
|
| 245 | 1 | 0 |
_aAdentro / _cLeón David. |
| 260 |
_aSanto Domingo : _bBiblioteca Nacional, _c1986. |
||
| 300 |
_a v. ; _c21 cm. |
||
| 490 | 0 | _aOrfeo | |
| 505 | 0 |
_gv. 1 -- _tPrefacio -- _tLiteratura y arte -- _tValores cotidianos -- _tPolítica, ciencia, sociedad -- _gv. 2 _tBúsqueda de lo absoluto -- _tEl holocausto -- _tValores cotidianos -- _tPolítica, ciencia, sociedad. |
|
| 590 | _aInventariado, 2024/VM | ||
| 650 | 4 |
_aDiarios dominicanos _xSecciones, columnas, etc. |
|
| 650 | 4 | _aArtículos de prensa | |
| 650 | 4 | _aArte y literatura | |
| 650 | 4 |
_aPoesía dominicana _xCrítica e interpretación |
|
| 650 | 4 | _aLiteratura dominicana. | |
| 650 | 4 | _aSociología | |
| 650 | 4 | _aValores sociales | |
| 650 | z | _aDominican literature | |
| 650 | z | _bSociology | |
| 650 | z | _aAnomía | |
| 650 | z | _aCiencias sociales | |
| 710 | 2 | _aBiblioteca Nacional (República Dominicana) | |
| 730 | 3 | _aEl Nuevo Diario (República Dominicana) | |
| 910 | _aVMateo V. Control de calidad BPMSU | ||
| 942 |
_2ddc _cBK |
||
| 999 |
_c14789 _d14789 |
||